000 01941cam a2200313Ma 4500
005 20180406122542.0
008 180406s2017 xxu r 000 0 eng d
020 _z9780472122516
020 _a9780472118977
040 _aCO-BoUCM
_bspa
_cSandra Palacio
_dSandra Palacio
041 1 _aeng
_hger
100 1 _aGoltermann, Svenja
_991924
245 1 4 _aThe war in their minds
_bGerman soldiers and their violent pasts in West Germany
_cSvenja Goltermann ; traducido por Philip Schmitz
260 _aAnn Arbor (Míchigan, Estados Unidos)
_bUniversity of Michigan Press
_c2017
300 _a428 páginas
490 0 _aSocial history, popular culture, and politics in Germany
505 0 _aPart I. Remembering the war: private fragments of memory, 1945-1949 -- Linguistic realms of war -- Troubled homecoming -- Social rubble -- Part II. The production of psychiatric knowledge: professional transformations, 1945-1970 -- "Prevailing doctrine" -- Contentious practices -- The moral challenge, 1956-1970 -- Part III. Mental suffering and its changing acknowledgment in West German media: public negotiations, 1945-1970 -- Repatriated Wehrmacht veterans in the public eye -- The reappearance of the persecuted and the rules governing what could be said in public memory culture -- Conclusion.
611 2 7 _aGuerra Mundial II, 1939-1945
_991925
650 1 7 _aVeteranos
_xAspectos psicológicos
_zAlemania
_991926
650 2 7 _aEstrés postraumático en militares
_zAlemania
_991892
650 2 7 _aNeurosis de guerra
_zAlemania
_991927
650 2 7 _aGuerra Mundial II, 1939-1945
_xAspectos psicológicos
_991928
650 2 7 _aGuerra Mundial II, 1939-1945
_xVeteranos
_zAlemania
_991929
650 2 7 _aVeteranos
_xSalud mental
_zAlemania
_xHistoria
_ySiglo XX
_991930
700 1 _aSchmitz, Philip
_etraductor
_991931
710 2 _aProject Muse.
_991932
942 _2DEWEY
_cLIBRO
_a5
_e1
_h305.90943
_mG629wt
999 _c309504
_d309504